[Event "Challenge"]
[Site "http://www.queenalice.com/game.php?id=699071"]
[Date "2009.12.16"]
[Round "-"]
[White "bruhno"]
[Black "Krajnicov"]
[Result "0-1"]
[WhiteElo "1491"]
[BlackElo "1444"]

1. e4 e5 2. Nf3 Qf6 3. a3 Bc5 4. Qe2 c6 5. d3 d6 6. g3 Bg4 7. Bg2 a5 8. c3 b5 9.
Nbd2 Qe6 10. Ng5 Qd7 11. Bf3 h5 12. Bxg4 hxg4 13. Nb3 a4 14. Nxc5 dxc5 15. b4
cxb4 16. cxb4 Qd4 17. Bb2 Qd6 18. O-O Qh6 19. Qxg4 Qxh2# 0-1

[Event "Challenge"]
[Site "http://www.queenalice.com/game.php?id=699075"]
[Date "2009.12.16"]
[Round "-"]
[White "bruhno"]
[Black "roquefrizzo"]
[Result "0-1"]
[WhiteElo "1182"]
[BlackElo "1534"]

1. e4 Nc6 2. c3 Ne5 3. h3 d5 4. exd5 Qxd5 5. Qe2 Bf5 6. Na3 Bd3 7. Qh5 Bxf1 8.
Kxf1 Qd3+ 9. Ne2 Nc4 10. Nxc4 Qxc4 11. b3 Qd3 12. a4 Nf6 13. Qb5+ Qd7 14. Qxd7+
Nxd7 15. a5 Nc5 16. Nd4 Nd3 17. c4 O-O-O 18. Nf3 e6 19. Ne1 Nxe1 20. Kxe1 f5 0-1

[Event "Challenge"]
[Site "http://www.queenalice.com/game.php?id=699575"]
[Date "2009.12.17"]
[Round "-"]
[White "bruhno"]
[Black "elsoncg"]
[Result "0-1"]
[WhiteElo "1457"]
[BlackElo "1443"]

1. e4 e5 2. Qh5 Nf6 3. Qxe5+ Qe7 4. Qxe7+ Bxe7 5. e5 Nd5 6. c3 Nc6 7. Bc4 Nf4 8.
d4 Nd3+ 9. Bxd3 d6 10. exd6 cxd6 11. Na3 a6 12. d5 Ne5 13. Kd2 b5 14. Nf3 Ng4
15. Nd4 Nxf2 16. Rf1 Ng4 17. Rf2 Nxf2 18. b4 a5 19. Ndxb5 Kd8 20. Ke2 Ng4 21. h3
Ne5 22. Bf4 g5 23. Bxe5 dxe5 24. Be4 f5 25. d6 fxe4 26. Rd1 Bf8 27. Nc4 Ba6 28.
a4 Rc8 29. Nxe5 Rg8 30. d7 Bxb5+ 31. axb5 axb4 32. cxb4 Rc2+ 33. Rd2 Rc7 34. b6
Rb7 35. Nf7+ Ke7 36. d8=Q+ Kxf7 37. Qd5+ Kg6 38. Qxg8+ Bg7 39. Rd6+ Kh5 40. g3
g4 41. Rd5+ Kg6 42. Qe6+ Bf6 43. hxg4 Re7 0-1

[Event "Challenge"]
[Site "http://www.queenalice.com/game.php?id=699613"]
[Date "2009.12.18"]
[Round "-"]
[White "bruhno"]
[Black "jeancarlo1910"]
[Result "0-1"]
[WhiteElo "1154"]
[BlackElo "1572"]

1. e4 Nc6 2. Bb5 a6 3. Bxc6 bxc6 4. a3 d5 5. exd5 cxd5 6. d4 c6 7. c3 Bf5 8. Nd2
f6 9. Ngf3 Bd3 10. Nh4 g6 11. Qf3 Bb5 12. g3 Qd6 13. Qe3 Bh6 14. Qf3 Qe6+ 15.
Kd1 Bxd2 16. Bxd2 g5 17. Nf5 Be2+ 18. Qxe2 Qxf5 19. g4 Qd7 20. Re1 h6 21. a4 Kf7
0-1

[Event "Challenge"]
[Site "http://www.queenalice.com/game.php?id=699614"]
[Date "2009.12.18"]
[Round "-"]
[White "bruhno"]
[Black "Luke1416"]
[Result "0-1"]
[WhiteElo "1310"]
[BlackElo "1709"]

1. e4 e5 2. Qh5 Qe7 3. Qf3 d6 4. Bb5+ c6 5. Be2 Nf6 6. Nc3 Bg4 7. Qe3 Bxe2 8.
Qxe2 b5 9. a4 bxa4 10. Rxa4 Qc7 11. Nf3 Be7 12. O-O h6 13. g3 a5 14. b3 Na6 0-1

[Event "Challenge"]
[Site "http://www.queenalice.com/game.php?id=699616"]
[Date "2009.12.18"]
[Round "-"]
[White "bruhno"]
[Black "samueneotaviano"]
[Result "0-1"]
[WhiteElo "1341"]
[BlackElo "1419"]

1. e4 e5 2. Qh5 g6 3. Qxe5+ Qe7 4. Qxh8 Nf6 5. Qxh7 Nxh7 6. d3 f5 7. f3 a5 8.
Nh3 b5 9. d4 c6 10. a3 a4 11. Nc3 d6 12. Bd3 Ba6 0-1

[Event "Challenge"]
[Site "http://www.queenalice.com/game.php?id=699621"]
[Date "2009.12.18"]
[Round "-"]
[White "bruhno"]
[Black "witto"]
[Result "0-1"]
[WhiteElo "1227"]
[BlackElo "1555"]

1. e4 e5 2. Qh5 d6 3. Qf3 Nf6 4. h3 d5 5. exd5 Qxd5 6. Qxd5 Nxd5 7. c3 a5 8. d3
c5 9. Nf3 f6 10. d4 cxd4 11. cxd4 Nb4 12. Na3 N8c6 13. Bb5 Bd7 14. Bxc6 Bxc6 15.
Rb1 Nd3+ 16. Kf1 Bb4 17. dxe5 O-O 18. exf6 Rxf6 19. b3 Nxc1 20. Rxc1 Bxa3 21.
Rc3 Bb5+ 22. Kg1 Bd6 23. h4 Re8 0-1

[Event "Challenge"]
[Site "http://www.queenalice.com/game.php?id=699624"]
[Date "2009.12.18"]
[Round "-"]
[White "bruhno"]
[Black "viniciussantos"]
[Result "0-1"]
[WhiteElo "1459"]
[BlackElo "1508"]

1. e4 e5 2. Qh5 Nf6 3. Qxe5+ Qe7 4. Qxc7 Nc6 5. f3 Qc5 6. c3 Bd6 7. b4 Qe5 8. d4
Qe7 9. Qxc8+ Rxc8 10. e5 Nxe5 11. dxe5 Bxe5 12. Bb2 Bxc3+ 0-1

[Event "Challenge"]
[Site "http://www.queenalice.com/game.php?id=700538"]
[Date "2009.12.19"]
[Round "-"]
[White "Mr_SPOCK"]
[Black "bruhno"]
[Result "1-0"]
[WhiteElo "1568"]
[BlackElo "1498"]

1. e4 e5 2. Qh5 Qf6 3. Nc3 c6 4. Bc4 a6 5. Nf3 g6 6. Bxf7+ Kxf7 7. Nxe5+ Ke8 8.
Qg4 Qxe5 9. f4 Qe7 10. O-O Nf6 11. Qg3 Nxe4 12. Nxe4 Qxe4 13. Re1 Bc5+ 14. Kh1
1-0

[Event "Challenge"]
[Site "http://www.queenalice.com/game.php?id=728829"]
[Date "2010.2.9"]
[Round "-"]
[White "jadetiger7"]
[Black "bruhno"]
[Result "1-0"]
[WhiteElo "1646"]
[BlackElo "1457"]

1. e4 d5 2. exd5 Qxd5 3. Nc3 Qd8 4. d4 Nf6 5. Nf3 Bg4 6. Bc4 Bxf3 7. gxf3 Nc6 8.
Be3 a6 9. Qd3 Nb4 10. Qf5 g6 11. Qe5 1-0